|
|
|
|
| LEADER |
00850nab a2200217 i 4500 |
| 001 |
acta22879 |
| 005 |
20210413101147.0 |
| 008 |
161017s2007 hu o 0|| eng d |
| 022 |
|
|
|a 1588-385X
|
| 040 |
|
|
|a SZTE Egyetemi Kiadványok Repozitórium
|b hun
|
| 041 |
|
|
|a eng
|
| 100 |
1 |
|
|a Slesarenko N. A.
|
| 245 |
1 |
0 |
|a "Melakril" preparation influence ontrade chracteristics and dermal integument of mink (mustela)
|h [elektronikus dokumentum] /
|c Slesarenko N. A.
|
| 260 |
|
|
|c 2007
|
| 300 |
|
|
|a 45
|
| 490 |
0 |
|
|a Acta biologica Szegediensis
|v 51 No. supple
|
| 695 |
|
|
|a Természettudomány, Biológia
|
| 700 |
0 |
1 |
|a Ostankov V. G.
|e aut
|
| 700 |
0 |
1 |
|a Kapustin Roman F.
|e aut
|
| 710 |
|
|
|a International Symposium of Morphological Sciences, 19., 2007, Budapest
|
| 856 |
4 |
0 |
|u http://acta.bibl.u-szeged.hu/22879/1/biologica_051_numb_001_suppl_045.pdf
|z Dokumentum-elérés
|